00301nam a2200121Ia 4500008004100000041000800041082001200049100001700061245003000078260003500108300002900143365000700172240624s9999 xx 000 0 und d aeng a658 RAJ aRAJU R SATYA aMANAGEMENT TEXT AND CASES c2002aNew DelhibPrentice-Hall ax, : 294 : p. : cm. ; 24 cRS